Virtual MBA 3.58 quản trị kinh doanh

محفوظ في:
التفاصيل البيبلوغرافية
المؤلف الرئيسي: Hoàng, Văn Đặng
التنسيق: كتاب
اللغة:Undetermined
منشور في: Thành Phố Hồ Chí Minh Trẻ 2004
الموضوعات:
الوسوم: إضافة وسم
لا توجد وسوم, كن أول من يضع وسما على هذه التسجيلة!
Thư viện lưu trữ: Trung tâm Học liệu Trường Đại học Cần Thơ
LEADER 00564nam a2200193Ia 4500
001 CTU_61846
008 210402s9999 xx 000 0 und d
020 |c 16000 
082 |a 658.1511 
082 |b Đ116 
100 |a Hoàng, Văn Đặng 
245 0 |a Virtual MBA 3.58 quản trị kinh doanh 
245 0 |c Hoàng Văn Đặng 
260 |a Thành Phố Hồ Chí Minh 
260 |b Trẻ 
260 |c 2004 
650 |a Business enterprises management 
904 |i TUYẾN,Hải 
980 |a Trung tâm Học liệu Trường Đại học Cần Thơ